000 00517nam a2200205 a 4500
999 _c7143
_d7143
001 7143
003 BD-JhCC
005 20180212111943.0
008 180205s1957 usa |||| |||| 000 0 eng d
035 _a(BD-JhCC)
040 _aBD-JhCC
_dBD-JhCC
041 _aeng
082 _a631.1
_bHAM 1957
100 _aHamilton, James E.
245 _aProfitable farm management /
_cJames E. Hamiton and W. R. Bryant
300 _a394 p;,
_c24 cm
650 _aFarm Management
700 _aBryant, W. R.
942 _2ddc
_cBK